00299nam a2200097Ia 4500008004100000020001800041245009200059250001200151260002400163300001400187180116s9999 xx 000 0 und d a9780702066962 cBarbara J. Bain, Imelda Bates, Michael A. LaffanaDacie and Lewis Practical Haematology a12th ed bElsevier Ltd.c2017 a585 pages